000 00258nam a22001217a 4500
003 SGT
082 _a616.85
_bH09G
100 _aGOTLIB, IAN H.
245 _aHB. OF DEPRESSION
260 _aNEW YORK
_bTHE GUILFORD
_c2009
300 _a708
942 _2ddc
_cBK
999 _c15034
_d15034